000
00258nam a2200097Ia 4500
008
120527s9999 xx 000 0 und d
100
_a
Merriman,P.A.
245
_a
Naturals disasters;Protecting vulnerable communities.
260
_b
Thomas Tefford
942
_c
BK
999
_c
14986
_d
14986